00493nam a22001697a 450000500170000001000150001702000230003203500130005503700130006808200120008110000170009324500730011026000370018327000610022030000300028165000120031120100817112420.0 aENG-100627 a8188965618c375.00 aEN-84160 bDBAD/PUB a808.883 aSegal, Zohra aClose-up :bmemories of a life on stage and screen /cby Zohra Segal aNew DelhibWomen Unlimitedc2010 aK-36, Hauz Khas Enclave, Ground FloorbNew Delhie110016 a291p.c22cm (pbk)ephotos aMemoire